00376nam a2200145Ia 4500008004100000020001800041041000800059082001700067100001800084245007400102250000600176260002600182300001300208650000900221210716s2008 xx 000 0 und d a9780313345401 aeng a658.162 BING aBing, Gordon. aDue deligence: planning questions issues.bPlanning questions issues. a1 aLondonbPraegerc2008 axiii,204 aNone